000 01617nam a22002657a 4500
005 20180411122804.0
010 _aHIN-87971 B-689736-737
020 _a9788190866002
_c450.00
035 _aHN-60317
035 _aB-689736-737
037 _bDBAD / PUB
037 _bराष्ट्रीय हिन्दी साहित्य परिषद
082 _a305.562
100 _aराम कुमार
245 _aमानवता के मसीहाः
_cराम कुमार
_bडॉ.अम्बेडकर /
246 _aManavata ke masiha:Dr. Amedkar
_bby Ram Kumar
260 _aदिल्ली
_bजास्मिन पब्लिकेशन
_c2017
270 _a29/61 पहली मंजिल , गली नं. 11, विश्वास नगर,
_bदिल्ली
_e110032
300 _a176पृ
_c22सेमी(सजिल्द)
500 _aबलिदानी पुस्तक
600 _aअम्बेडकर, बी.आर. ( भीमराव रामजी ), 1891-1956
_xराजनीतिक एवं सामाजिक विचार
600 _a Ambedkar, B.R. (Bhimrao Ramji), 1891-1956
_xPolitical and social views
942 _adpl
_cHN
_2ddc
_mरामकु
_h305.562
999 _c30561
_d30561